Entry Personal Name
Number of records used in: 1
001 - CONTROL NUMBER
003 - CONTROL NUMBER IDENTIFIER
005 - DATE AND TIME OF LATEST TRANSACTION
- control field:
20200120140006.0
008 - FIXED-LENGTH DATA ELEMENTS
- fixed length control field:
990503n| azannaabn |a aaa
010 ## - LIBRARY OF CONGRESS CONTROL NUMBER
- LC control number:
n 99032914
035 ## - SYSTEM CONTROL NUMBER
- System control number:
(OCoLC)oca04977667
040 ## - CATALOGING SOURCE
- Original cataloging agency:
DLC
- Language of cataloging:
eng
- Description conventions:
rda
- Transcribing agency:
DLC
- Modifying agency:
O
100 1# - HEADING--PERSONAL NAME
- Personal name:
Kaminsky, Philip
370 ## - ASSOCIATED PLACE
372 ## - FIELD OF ACTIVITY
- Field of activity:
Logistics
- Field of activity:
Business logistics
- Source of term:
lcsh
373 ## - ASSOCIATED GROUP
- Associated group:
University of California, Berkeley
- Source of term:
naf
374 ## - OCCUPATION
- Occupation:
Industrial engineers
- Occupation:
College teachers
- Source of term:
lcsh
375 ## - GENDER
377 ## - ASSOCIATED LANGUAGE
400 1# - SEE FROM TRACING--PERSONAL NAME
- Personal name:
Kaminsky, Phil
670 ## - SOURCE DATA FOUND
- Source citation:
Designing and managing the supply chain, 2000:
- Information found:
CIP t.p. (Philip Kaminsky) bk., p. v (asst. prof., indust. engin., U. of Calif., Berkeley; Ph.D., indust. engin., Northwestern U.)
670 ## - SOURCE DATA FOUND
- Source citation:
Quantitative Approaches in Logistics and Supply Chain Management: Proceedings of the 8th Workshop on Logistics and Supply Chain Management, Berkeley, California, October 3rd and 4th, 2013, c2015:
- Information found:
title page (Phil Kaminsky) title page verso (IEOR Department, University of California, Berkeley, CA)